[Event "Nis Svetosavski op 4th"]
[Site "Nis"]
[Date "2014.02.23"]
[Round "4"]
[White "Randjelovic, Ivica"]
[Black "Nikolic, Stefan"]
[Result "1-0"]
[WhiteElo "1869"]
[BlackElo "1858"]
[PlyCount "101"]
[EventDate "2014.02.21"]
[EventType "swiss"]
[EventRounds "5"]
[EventCountry "SRB"]
[SourceTitle "CBM 159 Extra"]
[Source "ChessBase"]
[SourceDate "2014.04.24"]
[SourceVersion "1"]
[SourceVersionDate "2014.04.24"]
[SourceQuality "1"]

1. e4 c5 2. Nf3 Nc6 3. d4 cxd4 4. Nxd4 g6 5. Be3 Bg7 6. Nc3 Nf6 7. Nxc6 bxc6 8. e5 Ng8 9. Bd4 Nh6 10. e6 f6 11. exd7+ Bxd7 12. Bc4 Nf7 13. 0-0 0-0 14. Re1 e5 15. Be3 Qc7 16. Qf3 Kh8 17. Rad1 Nd6 18. Bb3 Rfe8 19. Qe2 Be6 20. Na4 Nb7 21. Rd2 c5 22. c4 f5 23. f3 Bf8 24. Nc3 Nd8 25. Nd5 Qa5 26. Red1 Nc6 27. Bg5 Bxd5 28. cxd5 Nd4 29. Qd3 Qc7 30. Rc1 Rab8 31. Ba4 Rec8 32. a3 Qd6 33. Qc4 Rb7 34. f4 Bg7 35. b4 Rbc7 36. Rcd1 e4 37. Bc6 Rxc6 38. dxc6 Rxc6 39. bxc5 Rxc5 40. Rxd4 Bxd4+ 41. Qxd4+ Qxd4+ 42. Rxd4 Ra5 43. Be7 Rb5 44. Bb4 a5 45. Be1 Rb1 46. Kf1 Kg7 47. Ra4 Rc1 48. Rxa5 Kf6 49. Ra6+ Kf7 50. a4 g5 51. fxg5 1-0

[Event "SRB-chT2 South"]
[Site "Nis"]
[Date "2013.10.20"]
[Round "6.5"]
[White "Jovanovic, Dragan"]
[Black "Nikolic, Stefan"]
[Result "1/2-1/2"]
[WhiteElo "2104"]
[BlackElo "1876"]
[PlyCount "152"]
[EventDate "2013.10.17"]
[EventType "team-swiss"]
[EventRounds "8"]
[EventCountry "SRB"]
[SourceTitle "EXT 2015"]
[Source "ChessBase"]
[SourceDate "2014.11.20"]
[SourceVersion "1"]
[SourceVersionDate "2014.11.20"]
[SourceQuality "1"]

1. d4 g6 2. c4 Nf6 3. Nc3 Bg7 4. e4 d6 5. Nf3 0-0 6. Be2 Nfd7 7. 0-0 e5 8. Bg5 f6 9. Bh4 g5 10. Bg3 h5 11. h3 Nc6 12. dxe5 dxe5 13. Qd5+ Kh8 14. Rad1 Qe7 15. Qd2 Nb6 16. a3 Be6 17. Nd5 Qf7 18. Qc3 Rac8 19. b4 Ne7 20. Qe3 c5 21. Nd2 h4 22. Bh2 Nd7 23. Qb3 Nc6 24. Nf3 b6 25. Qc3 Rfd8 26. Rd2 Bf8 27. b5 Nd4 28. Qe3 Bd6 29. Ra2 Rg8 30. Bd1 Qg7 31. Nxd4 cxd4 32. Qd3 Nc5 33. Qe2 Qh6 34. f3 Rg7 35. a4 Nb7 36. Qd3 Rc5 37. Be2 Rg8 38. Rc2 Rgc8 39. Rfc1 Qg6 40. Qd1 Kg7 41. Bd3 Qf7 42. Kf1 Bxd5 43. exd5 R5c7 44. Bf5 Rd8 45. Bg1 Bb4 46. Bf2 Bc3 47. Bd3 Na5 48. Be1 Bxe1 49. Qxe1 Nb3 50. Rd1 Nc5 51. a5 Nxd3 52. Rxd3 Rxd5 53. Qb4 Rdc5 54. axb6 axb6 55. Ra3 Rxc4 56. Rxc4 Qxc4+ 57. Qxc4 Rxc4 58. Ra6 d3 59. Kf2 Rc2+ 60. Ke3 d2 61. Ke2 Rb2 62. Rxb6 Kg6 63. Rd6 d1Q+ 64. Kxd1 Rxg2 65. Kc1 Ra2 66. b6 Ra5 67. Kc2 Kf5 68. Kc3 Rb5 69. Kc4 Rb1 70. Kc5 Rb3 71. Kc4 Rb1 72. Kc5 Rb3 73. Kc4 Rb2 74. Kc5 Rb3 75. Kc6 Kf4 76. Rxf6+ Kg3 1/2-1/2

[Event "SRB-chT2 South"]
[Site "Nis"]
[Date "2013.10.18"]
[Round "3.5"]
[White "Markovic, Mirko"]
[Black "Nikolic, Stefan"]
[Result "1/2-1/2"]
[WhiteElo "2090"]
[BlackElo "1876"]
[PlyCount "38"]
[EventDate "2013.10.17"]
[EventType "team-swiss"]
[EventRounds "8"]
[EventCountry "SRB"]
[SourceTitle "EXT 2014"]
[Source "ChessBase"]
[SourceDate "2013.11.20"]
[SourceVersion "1"]
[SourceVersionDate "2013.11.20"]
[SourceQuality "1"]

1. e4 c5 2. Nc3 Nc6 3. g3 g6 4. Bg2 Bg7 5. d3 Nf6 6. Be3 d6 7. h3 0-0 8. Nf3 Bd7 9. Qd2 Rb8 10. 0-0 b5 11. Bh6 e6 12. Bxg7 Kxg7 13. Nh2 Qc7 14. f4 Nd4 15. Ne2 Rfc8 16. c3 Nxe2+ 17. Qxe2 Ng8 18. g4 f5 19. g5 Re8 1/2-1/2